Historia de Santa Mónica / (Record no. 35688)

MARC details
000 -LEADER
campo de control de longitud fija 00560nam a2200181 i 4500
001 - NÚMERO DE CONTROL
campo de control 35688
003 - IDENTIFICADOR DE NÚMERO DE CONTROL
campo de control ES-MaACL
005 - FECHA Y HORA DE LA ÚLTIMA TRANSACCIÓN
campo de control 20230906155204.0
007 - CAMPO FIJO DE DESCRIPCIÓN FÍSICA--INFORMACIÓN GENERAL
campo de control de longitud fija t|
008 - DATOS DE LONGITUD FIJA--INFORMACIÓN GENERAL
campo de control de longitud fija 030213s1952 sp ||||1| spa d
100 1# - ENTRADA PRINCIPAL--NOMBRE DE PERSONA
Nombre de persona Bougaud, Luis Emilio.
9 (RLIN) 30871
245 10 - MENCIÓN DEL TÍTULO
Título Historia de Santa Mónica /
Mención de responsabilidad, etc. por Monseñor Bougaud ; versión castellana de Gerardo Villota.
250 ## - MENCION DE EDICION
Mención de edición 8ª ed.
260 ## - PUBLICACIÓN, DISTRIBUCIÓN, ETC.
Lugar de publicación, distribución, etc. Madrid :
Nombre del editor, distribuidor, etc. Hijos de Gregorio del Amo,
Fecha de publicación, distribución, etc. 1952 (
Fabricante Frama)
300 ## - DESCRIPCIÓN FÍSICA
Extensión 427 p. ;
Dimensiones 17 cm.
700 1# - ENTRADA AGREGADA--NOMBRE PERSONAL
Nombre de persona Villota, Gerardo.
9 (RLIN) 115279
852 ## - LOCALIZACIÓN
Ubicación ES-MaACL
Número de control de estantería D-8875
Sublocalización o colección R.33948
Holdings
Estatus retirado Estado de pérdida Estado de daño No para préstamo Biblioteca de origen Biblioteca actual Ubicación en estantería Fecha de adquisición Fuente de adquisición Total de préstamos Signatura topográfica completa Código de barras Visto por última vez Precio de reemplazo Tipo de ítem Koha
        Biblioteca del Ateneo de Madrid Biblioteca del Ateneo de Madrid Sala Valle Inclán 17/01/2008     D-8875 901037371 23/02/2023 23/02/2023 Libro impreso